|
|
|
|
| LEADER |
00000nam0a2200000 4500 |
| 001 |
347320 |
| 005 |
20231102010002.0 |
| 010 |
|
|
|a 9785905217753
|
| 035 |
|
|
|a (RuTPU)RU\TPU\book\379205
|
| 090 |
|
|
|a 347320
|
| 100 |
|
|
|a 20220311d2021 m y0rusy50 ca
|
| 101 |
0 |
|
|a rus
|
| 102 |
|
|
|a RU
|
| 105 |
|
|
|a a j 001zy
|
| 200 |
1 |
|
|a Термореактивные связующие для полимерных композиционных материалов
|e учебное пособие для бакалавров, магистров и аспирантов
|f Р. Р. Мухаметов, А. П. Петрова
|g Курчатовский институт ; Всероссийский научно-исследовательский институт авиационных материалов ; под ред. Е. Н. Каблова
|
| 210 |
|
|
|a Москва
|c Курчатовский институт
|d 2021
|
| 215 |
|
|
|a 528 с.
|c ил.
|
| 320 |
|
|
|a Библиография в конце глав
|
| 320 |
|
|
|a Принятые сокращения: с. 526-527
|
| 330 |
|
|
|a В учебном пособии рассмотрены основные типы современных связующих для полимерных композиционных материалов (ПКМ), их физико-механические, технологические и другие свойства, а также основные принципы направленного изменения свойств и подбора компонентов. Отдельные главы посвящены методам испытаний и исследований связующих, технологиям их переработки при получении ПКМ, анализу структуры отвержденного связующего в составе ПКМ различных типов (стекло-, угле- и органопластиков). Издание предназначено для студентов и аспирантов в качестве учебного пособия по специальности "Материаловедение и технологии материалов", а также может быть использовано специалистами, работающими в области создания и применения связующих и ПКМ на их основе в различных отраслях промышленности.
|
| 606 |
1 |
|
|a Связующие для полимерных материалов
|2 stltpush
|3 (RuTPU)RU\TPU\subj\80626
|9 88262
|
| 610 |
1 |
|
|a полиэфирные связующие
|
| 610 |
1 |
|
|a эпоксивинилэфирные связующие
|
| 610 |
1 |
|
|a эпоксидные связующие
|
| 610 |
1 |
|
|a фенолформальдегидные связующие
|
| 610 |
1 |
|
|a гетероциклические олигомеры
|
| 610 |
1 |
|
|a элементоорганические соединения
|
| 610 |
1 |
|
|a неорганические соединения
|
| 610 |
1 |
|
|a термореактивные связующие
|
| 610 |
1 |
|
|a клеевые связующие
|
| 610 |
1 |
|
|a испытания
|
| 610 |
1 |
|
|a исследования
|
| 610 |
1 |
|
|a переработка
|
| 610 |
1 |
|
|a полимерные композиционные материалы
|
| 610 |
1 |
|
|a получение
|
| 610 |
1 |
|
|a отвержденный связующий
|
| 610 |
1 |
|
|a структура
|
| 610 |
1 |
|
|a учебные пособия
|
| 675 |
|
|
|a 678.5.04(075.8)
|v 4
|
| 700 |
|
1 |
|a Мухаметов
|b Р. Р.
|g Рамиль Рифович
|
| 701 |
|
1 |
|a Петрова
|b А. П.
|g Алефтина Петровна
|
| 702 |
|
1 |
|a Каблов
|b Е. Н.
|g Евгений Николаевич
|4 340
|
| 712 |
0 |
2 |
|a Курчатовский институт
|c (Москва)
|c (1991- )
|2 stltpush
|3 (RuTPU)RU\TPU\col\7802
|9 24384
|
| 712 |
0 |
2 |
|a Всероссийский научно-исследовательский институт авиационных материалов
|c (Москва)
|2 stltpush
|3 (RuTPU)RU\TPU\col\14642
|9 25974
|
| 801 |
|
1 |
|a RU
|b 63413507
|c 20220311
|
| 801 |
|
2 |
|a RU
|b 63413507
|c 20220401
|g RCR
|
| 942 |
|
|
|c BK
|